| 000 | 00989nam a2200277 i 4500 | ||
|---|---|---|---|
| 001 | bg | ||
| 003 | BPK | ||
| 005 | 20200429115834.0 | ||
| 008 | 080507s2008 pl |000 0 pol | ||
| 015 | _aPB 2008/21366 | ||
| 040 |
_aWA N _cBPK |
||
| 041 | 0 |
_apol _beng |
|
| 080 | _a330.162 | ||
| 100 | 1 |
_aKarczewski, Leszek _eRedakcja |
|
| 245 | 1 | 0 |
_aEtyka biznesu : _bkulturowe uwarunkowania / _cLeszek Karczewski. |
| 260 |
_aOpole : _bOficyna Wydawnicza Politechniki Opolskiej, _c2008. |
||
| 300 |
_a202 s. ; _c24 cm. |
||
| 490 | 1 |
_aStudia i Monografie / Politechnika Opolska, _x1429-6063 ; _vz. 212. |
|
| 504 | _aBibliogr. s. 189-198. | ||
| 546 | _aStreszcz. ang. | ||
| 650 | 4 | _aEtyka biznesu | |
| 710 | 2 |
_a Politechnika Opolska. _bOficyna Wydawnicza _4pbl. |
|
| 830 | 0 |
_aStudia i Monografie - Politechnika Opolska, _vz. 212. |
|
| 942 |
_2UKD _cKS |
||
| 856 |
_uhttp://koha.tu.koszalin.pl/cgi-bin/koha/opac-detail.pl?biblionumber=55342 _yKatalog online BPK |
||
| 999 |
_c55342 _d55342 |
||